This, But Not That XV Quiz Stats

 Plays Quiz Updated Aug 12, 2019

Score 0/18 Timer 05:00
6 Plays Today
% Correct
Shades of Purple
89.7%
Olympic Medals
87.9%
Vegas Magicians
81.3%
Alloys
80.6%
Hairstyles
79.6%
Parr Family Members in The Incredibles
79.6%
U.S. Coins
75.5%
Synonyms of Yearn
75.2%
Jules Verne Captains
75.1%
% Correct
Mythological War Starters
72.4%
Pokémon Trainer Names
71%
Quantities in Cooking
68%
TV Horses
61.2%
Slang Words for Policeman
57.6%
Famous Curtains
57.4%
Rush Songs
56.6%
Types of Boats
55.4%
Ron Howard Movies
52.4%

You're not logged in!

Compare scores with friends on all Sporcle quizzes.
OR
Log In

Sporcle TV

Today on Sporcle TV


Watch our educational content, quiz creation guides, and fun videos on Sporcle TV.

Show Comments

Extras

Top Quizzes Today


Score Distribution

Your Account Isn't Verified!

In order to create a playlist on Sporcle, you need to verify the email address you used during registration. Go to your Sporcle Settings to finish the process.

Report this User

Report this user for behavior that violates our Community Guidelines.

Details: